| 000 | 00451nam a2200169Ia 4500 | ||
|---|---|---|---|
| 999 |
_c5586 _d5586 |
||
| 008 | 200103s 1993 ||||xx |||||||||||||| ||und|| | ||
| 020 | _a0117727172 | ||
| 082 |
_a623.8 _bCHA |
||
| 100 | _aChalmers, D.W. | ||
| 245 | 0 | _aDesign of ship's structures | |
| 260 |
_bHMSO _c1993 _aLondon |
||
| 300 | _axiv, 484p. | ||
| 650 | _aThe role of the designer | ||
| 650 | _aThe evolution of the design | ||
| 650 | _aHistorical Perspective | ||
| 942 | _cBK | ||